MARC

LEADER 00000nam0a2200000 4500
001 377799
005 20231102012942.0
035 |a (RuTPU)RU\TPU\retro\35252 
090 |a 377799 
100 |a 20230406d1978 m y0rusy50 ca 
101 0 |a rus 
102 |a RU 
105 |a a j 001zy 
200 1 |a Учебное пособие по методам теории вероятностей в радиоэлектронике летательных аппаратов  |f Н. М. Сотский  |g Московский энергетический институт 
210 |a Москва  |c [Б. и.]  |d 1978 
215 |a 86 с.  |c ил. 
320 |a Библиогр.: с. 83 
606 1 |a Летательные аппараты  |x Радиоэлектронное оборудование  |x Эксплуатация  |2 stltpush  |3 (RuTPU)RU\TPU\subj\40133  |9 60004 
610 1 |a случайные события 
610 1 |a вероятности 
610 1 |a одномерные случайные величины 
610 1 |a многомерные случайные величины 
610 1 |a числовые характеристики 
610 1 |a функции случайных величин 
610 1 |a законы распределения 
610 1 |a теория вероятностей 
610 1 |a предельные теоремы 
610 1 |a учебные пособия 
675 |a 629.73.05:621.3(075.8)  |v 4 
700 1 |a Сотский  |b Н. М.  |g Николай Михайлович 
712 0 2 |a Московский энергетический институт  |c (1930-1992)  |2 stltpush  |3 (RuTPU)RU\TPU\col\20092  |9 27693 
801 1 |a RU  |b 63413507  |c 20230406 
942 |c BK